The Christian renaissance, with interpretations of Dante, Shakespeare, and Goethe, and new discussions of oscar wilde and the gospel of thomas / (Record no. 21211)
[ view plain ]
| 000 -LEADER | |
|---|---|
| fixed length control field | 01060nam a2200277 a 4500 |
| 001 - CONTROL NUMBER | |
| control field | 21211 |
| 003 - CONTROL NUMBER IDENTIFIER | |
| rucl marc code | BD-RjUL |
| 005 - DATE AND TIME OF LATEST TRANSACTION | |
| control field | 20211209000648.0 |
| 008 - FIXED-LENGTH DATA ELEMENTS--GENERAL INFORMATION | |
| fixed length control field | 880808s1933 onc 000 0 eng |
| 035 ## - SYSTEM CONTROL NUMBER | |
| System control number | (BD-RjUL)21275 |
| 040 ## - CATALOGING SOURCE | |
| Original cataloging agency | DLC |
| Transcribing agency | MUB |
| Modifying agency | m.c |
| -- | BD-RjUL |
| Language of cataloging | eng |
| 041 ## - LANGUAGE CODE | |
| Language code of text/sound track or separate title | eng |
| 082 ## - DEWEY DECIMAL CLASSIFICATION NUMBER | |
| Classification number | 804.23 |
| Author mark and year | KNC 1962 |
| 100 1# - MAIN ENTRY--PERSONAL NAME | |
| Personal name | Knight, George Wilson, |
| Dates associated with a name | 1897- |
| 9 (RLIN) | 56919 |
| 245 14 - TITLE STATEMENT | |
| Title | The Christian renaissance, with interpretations of Dante, Shakespeare, and Goethe, and new discussions of oscar wilde and the gospel of thomas / |
| Statement of responsibility, etc. | by G. Wilson Knight. |
| 260 ## - PUBLICATION, DISTRIBUTION, ETC. (IMPRINT) | |
| Place of publication, distribution, etc. | Toronto : |
| Name of publisher, distributor, etc. | Macmillan, |
| Date of publication, distribution, etc. | 1933. |
| 300 ## - PHYSICAL DESCRIPTION | |
| Pagination | x, 374 p. : |
| Size | 23 cm. |
| 600 00 - SUBJECT ADDED ENTRY--PERSONAL NAME | |
| Personal name | Dante Alighieri, |
| Dates associated with a name | 1265-1321 |
| General subdivision | Criticism and interpretation. |
| Personal name | Shakespeare, William, |
| Dates associated with a name | 1564-1616 |
| General subdivision | Criticism and interpretation. |
| Personal name | Goethe, Johann Wolfgang von, |
| Dates associated with a name | 1749-1832 |
| General subdivision | Criticism and interpretation. |
| 650 #0 - SUBJECT ADDED ENTRY--TOPICAL TERM | |
| Topical term or geographic name as entry element | Religion in literature. |
| 9 (RLIN) | 55235 |
| Topical term or geographic name as entry element | Christianity. |
| 9 (RLIN) | 65572 |
| Topical term or geographic name as entry element | Bible as literature. |
| 9 (RLIN) | 65573 |
| 942 ## - ADDED ENTRY ELEMENTS (KOHA) | |
| Source of classification or shelving scheme | Dewey Decimal Classification |
| Koha item type | Books |
| Lost status | Source of classification or shelving scheme | Damaged status | Not for loan | Collection code | Permanent Location | Current Location | Shelving location | Date acquired | Source of acquisition | Cost, normal purchase price | Total Checkouts | Full call number | Date last seen | Copy number | Koha item type |
|---|---|---|---|---|---|---|---|---|---|---|---|---|---|---|---|
| Dewey Decimal Classification | Added to bundle | Non-fiction | Central Library, University of Rajshahi | Central Library, University of Rajshahi | Reading Room | 10/03/1964 | Zeittinger | 30.00 | 804.23 KNC 1962 | 03/03/2014 | C-1 | Books | |||
| Dewey Decimal Classification | Non-fiction | Central Library, University of Rajshahi | Central Library, University of Rajshahi | 17/04/1967 | B.H. Blackwell | 30.00 | 804.23 KNC 1962 | 10/12/2019 | C-2 | Books |